Score 0/16 Timer 10:00
0 Plays Today
% Correct
canada
97.1%
usa
97.1%
Mexico
97.1%
panama
94.1%
cuba
94.1%
Haiti
94.1%
Dominican republic
94.1%
El Salvador
91.2%
% Correct
costa Rica
91.2%
Jamaica
91.2%
honduras
88.2%
bahamas
85.3%
nicaragua
82.4%
belize
79.4%
guatamala
70.6%
cayman Islands
50%
Remove Ads.
Support Sporcle.
Get the best of Sporcle when you Go Orange. This ad-free experience offers more features, more stats, and more fun while also helping to support Sporcle. Thank you for becoming a member.

You're not logged in!

Compare scores with friends on all Sporcle quizzes.
OR
Log In

Show Comments

Extras

Created Sep 24, 2019ReportNominate
Tags:Country Quiz, America, north

Top Quizzes Today


Score Distribution

Your Account Isn't Verified!

In order to create a playlist on Sporcle, you need to verify the email address you used during registration. Go to your Sporcle Settings to finish the process.

Report this User

Report this user for behavior that violates our Community Guidelines.

Details: